Espais naturals protegits de Catalunya - Statistics

General Stats
  • This quiz has been taken 154 times
  • The average score is 11 of 20
Answers on the Map
Answers color-coded by a green-red scale on the quiz's map according to % correct below.
 
Answer Stats
Espais naturals protegits % Correct
Parc Natural del Delta de l'Ebre
89%
Parc Nacional d'Aigüestortes i Estany de Sant Maurici
85%
Parc Natural de Cap de Creus
84%
Parc Natural del Montseny
82%
Parc Natural de la Serra de Collserola
77%
Parc Natural de la Muntanya de Montserrat
76%
Parc Natural de l'Alt Pirineu
75%
Parc Natural del Cadí-Moixeró
71%
Parc Natural de la Zona Volcànica de la Garrotxa
59%
Parc Natural dels Aiguamolls de l'Empordà
55%
Paratge Natural d'Interès Nacional del Massís del Pedraforca
54%
Parc Natural dels Ports
54%
Espais Naturals del Delta del Llobregat
52%
Parc Natural del Montgrí, les Illes Medes i el Baix Ter
51%
Parc Natural de Sant Llorenç del Munt i l'Obac
46%
Parc Natural de la Serra de Montsant
35%
Paratge Natural d'Interès Nacional de l'Albera
27%
Parc Natural de les Capçaleres del Ter i del Freser
26%
Paratge Natural d'Interès Nacional de Poblet
18%
Reserva Natural de Mas de Melons i Secans de Lleida
13%
No matching quizzes found
Score Distribution
Percent of People with Each Score
Percentile by Number Answered
Your Score History
You have not taken this quiz